Улучшение системы менеджмента качества в здравоохранении; Ресурсоэффективные системы в управлении и контроле: взгляд в будущее; Ч. 2

Detaylı Bibliyografya
Parent link:Ресурсоэффективные системы в управлении и контроле: взгляд в будущее: сборник научных трудов III Международной конференции школьников, студентов, аспирантов, молодых ученых, 06 - 11 октября 2014 г./ Национальный исследовательский Томский политехнический университет (ТПУ).— , 2014
Ч. 2.— 2014.— [С. 127-131]
Yazar: Конысбекова Г. К.
Müşterek Yazar: Национальный исследовательский Томский политехнический университет (ТПУ) Институт неразрушающего контроля (ИНК) Кафедра физических методов и приборов контроля качества (ФМПК)
Diğer Yazarlar: Васендина Е. А. Елена Александровна (научный руководитель)
Özet:Заглавие с титульного экрана
В статье представлены подходы к внедрению на мпредприятиях, дан сравнительныйанализ стандартов, используемых при разработке система менеджменткачества предприятий, представлены основные преимущества внедрения системменеджмента, обосновано, что менеджмент качества сегодня - это визитная карточкакаждого предприятия при выводе продукции на рынок.
Approaches to the implementation of management systems at enterprises, comparativeanalysis of standards used in development of management systems at enterprises, and mainadvantages observed after implementation of the management systems are presented in the article.It is also proved that quality management today is a visit card of every enterprise in its productslaunch.
Dil:Rusça
Baskı/Yayın Bilgisi: 2014
Seri Bilgileri:Эффективные системы управления качеством
Konular:
Online Erişim:http://www.lib.tpu.ru/fulltext/c/2014/C47/V2/038.pdf
Materyal Türü: MixedMaterials Elektronik Kitap Bölümü
KOHA link:https://koha.lib.tpu.ru/cgi-bin/koha/opac-detail.pl?biblionumber=611202

MARC

LEADER 00000naa2a2200000 4500
001 611202
005 20231101132639.0
035 |a (RuTPU)RU\TPU\conf\8928 
035 |a RU\TPU\conf\8927 
090 |a 611202 
100 |a 20150227d2014 k y0rusy50 ca 
101 0 |a rus  |d rus  |d eng 
102 |a RU 
105 |a y z 101zy 
135 |a drgn ---uucaa 
181 0 |a i  
182 0 |a b 
200 1 |a Улучшение системы менеджмента качества в здравоохранении  |f Г. К. Конысбекова  |g науч. рук. Е. А. Васендина 
203 |a Текст  |c электронный 
225 1 |a Эффективные системы управления качеством 
230 |a 1 компьютерный файл (pdf; 346 Kb) 
300 |a Заглавие с титульного экрана 
330 |a В статье представлены подходы к внедрению на мпредприятиях, дан сравнительныйанализ стандартов, используемых при разработке система менеджменткачества предприятий, представлены основные преимущества внедрения системменеджмента, обосновано, что менеджмент качества сегодня - это визитная карточкакаждого предприятия при выводе продукции на рынок. 
330 |a Approaches to the implementation of management systems at enterprises, comparativeanalysis of standards used in development of management systems at enterprises, and mainadvantages observed after implementation of the management systems are presented in the article.It is also proved that quality management today is a visit card of every enterprise in its productslaunch. 
337 |a Adobe Reader 
461 1 |0 (RuTPU)RU\TPU\conf\8514  |t Ресурсоэффективные системы в управлении и контроле: взгляд в будущее  |o сборник научных трудов III Международной конференции школьников, студентов, аспирантов, молодых ученых, 06 - 11 октября 2014 г.  |o в 4 ч.  |f Национальный исследовательский Томский политехнический университет (ТПУ)  |d 2014 
463 0 |0 (RuTPU)RU\TPU\conf\8518  |t Ч. 2  |v [С. 127-131]  |d 2014 
610 1 |a труды учёных ТПУ 
610 1 |a электронный ресурс 
610 1 |a системы менеджмента качества 
610 1 |a здравоохранение 
610 1 |a качество 
700 1 |a Конысбекова  |b Г. К. 
702 1 |a Васендина  |b Е. А.  |c специалист в области электротехники  |c доцент Томского политехнического университета, инженер, кандидат технических наук  |f 1975-  |g Елена Александровна  |2 stltpush  |4 727 
712 0 2 |a Национальный исследовательский Томский политехнический университет (ТПУ)  |b Институт неразрушающего контроля (ИНК)  |b Кафедра физических методов и приборов контроля качества (ФМПК)  |h 68  |2 stltpush  |3 (RuTPU)RU\TPU\col\18709 
801 2 |a RU  |b 63413507  |c 20150227  |g RCR 
856 4 |u http://www.lib.tpu.ru/fulltext/c/2014/C47/V2/038.pdf 
942 |c BK